| 000 | 01286nam a2200277Ia 4500 | ||
|---|---|---|---|
| 003 | PE SENCICO BE | ||
| 005 | 20260303215255.0 | ||
| 008 | 200515s9999 xx 000 0 und d | ||
| 020 | _a978-84-9948-259-0 | ||
| 040 |
_aPE SENCICO BE _cPE SENCICO BE |
||
| 041 | _aspa | ||
| 082 |
_a526.9 _bG71 |
||
| 100 | 1 |
_aGonzález Cabezas, Antonio Miguel _9107 _eautor |
|
| 245 | 0 |
_aLecciones de topografía y replanteos / _cAntonio Miguel González Cabezas |
|
| 250 | _a5a ed. | ||
| 260 |
_aAlicante : _bClub Universitario ; _c2010 |
||
| 300 |
_a325 páginas : _bilustraciones, tablas, gráficas ; _c24 cm. |
||
| 504 | _aBibliografía: p. 325 | ||
| 505 | 0 | _aEl terreno y su representación : la representación de la tierra -- El plano topográfico -- Operaciones básicas de campo -- Métodos planimétricos elementales -- Instrumentos topográficos: el taquímetro -- Dispositivos de medida indirecta de distancias -- La estación total -- Uso de taquímetros y estaciones totales -- Planimetría -- Altimetría -- Levantamientos topográficos -- Replanteos y trazados | |
| 650 | 1 | 0 |
_aTopografía _9245 |
| 650 | 2 | 0 |
_aInstrumentos de topografía _9249 |
| 650 | 2 | 0 |
_aLevantamiento topográfico _9297 |
| 650 | 2 | 0 |
_aPlanimetría _9298 |
| 650 | 2 | 0 |
_aTaquímetros _9299 |
| 942 |
_cLIB _2ddc |
||
| 999 |
_c569 _d569 |
||